| 000 | 00586nam a2200217 a 4500 | ||
|---|---|---|---|
| 999 |
_c4469 _d4469 |
||
| 001 | 4469 | ||
| 003 | BD-JhCC | ||
| 005 | 20171127191355.0 | ||
| 008 | 171127r19611962enka|||| |||| 000 0 eng d | ||
| 035 | _a(BD-JhCC)4469 | ||
| 040 |
_aBD-JhCC _dBD-JhCC |
||
| 041 | _aeng | ||
| 082 |
_a398.20951 _bBIR 1962 |
||
| 245 |
_aChinese Myths and Fantasies / _cRetold by Cyril Birch |
||
| 260 |
_aLondon : _bOxford University Press, _c1961 [Reprinted 1962] |
||
| 300 |
_a200p. : _billus., _c22 cm. |
||
| 650 |
_aMythology _zChinese |
||
| 700 | _aBirch, Cyril | ||
| 942 |
_2ddc _cBK |
||